000 006770000a22001930004500
041 0 _aSPA
082 0 4 _aG 230.011 C8991g
100 1 _aCrawford, Colin
245 1 0 _aGrandes palabras del evangelio / Colin Crawford
260 _aBogotá, Colombia : Seminario Bíblico Filadelfia
300 _a149 Pag
505 0 0 _a- Pecado - Gracia - Sustitución - Propiciación - Inmutación - Arrepentimiento - Regeneración - Justificación - Redención - Reconciliación - Santificación - Baustimo
650 1 4 _aTEOLOGIA DOGMATICA
001 3140
942 _cBK
999 _c33843
_d33843
336 _atexto
_btxt
_2rdacontent
337 _2rdamedia
_asin mediación
_bn
338 _2rdacarrier
_avolumen
_bnc